[Event "Fagernes Chess GM-Swiss 2024"]
[Site "Fagernes"]
[Date "2024.03.29"]
[Round "7.46"]
[White "Sachi Jain"]
[Black "Valcu, Lavinia"]
[Result "1/2-1/2"]
[WhiteElo "1992"]
[BlackElo "2070"]
[Annotator "NA RC"]
[PlyCount "146"]
[EventDate "2024.03.25"]
[EventType "swiss"]
[EventCountry "NOR"]
[SourceTitle "playchess.com"]
[Source "ChessBase"]
[SourceQuality "1"]

1. e4 c6 2. Nf3 d5 3. d3 g6 4. Nbd2 Bg7 5. c3 e5 6. g3 Ne7 7. Bg2 O-O 8. O-O f5 9. Re1 Qd6 10. Qe2 Nd7 11. a4 a5 12. b3 Re8 13. Ba3 Qf6 14. Nh4 Nb6 15. Bc5 Ra6 16. Rac1 Be6 17. Nhf3 Nd7 18. Ba3 g5 19. exf5 Nxf5 20. h3 Qd8 21. Nf1 Bf6 22. Ne3 Nxe3 23. Qxe3 g4 24. hxg4 Bxg4 25. Nh2 Bh5 26. Nf3 Ra8 27. Rb1 Bg6 28. Rbd1 Rc8 29. c4 Qb6 30. Qxb6 Nxb6 31. Nh2 dxc4 32. dxc4 Bc2 33. Rd2 Bf5 34. Be4 Be6 35. Nf3 Rcd8 36. Red1 Bg4 37. Rxd8 Bxd8 38. Rd3 Bf6 39. Nh2 Be6 40. g4 Rd8 41. Rh3 Rd7 42. Rh6 Be7 43. Bb2 Bxc4 44. bxc4 Nxc4 45. Bc3 Bb4 46. Rh3 c5 47. Bc2 Na3 48. Bf5 Re7 49. Be4 b5 50. Bb2 Nc4 51. Bd5+ Kf8 52. Rf3+ Ke8 53. Bxc4 bxc4 54. Re3 Bd2 55. Rxe5 Rxe5 56. Bxe5 c3 57. Nf3 c2 58. Bb2 c1=Q+ 59. Bxc1 Bxc1 60. Ne5 Ke7 61. Nc6+ Kd6 62. Nxa5 Kd5 63. Kf1 c4 64. Ke2 Bf4 65. Nxc4 Kxc4 66. Kf3 Bd2 67. Ke4 Kc5 68. Ke5 Kc6 69. Ke6 Kc5 70. Kf6 Kd5 71. Kg7 Ke4 72. Kxh7 Kf4 73. a5 Bxa5 1/2-1/2

[Event "Fagernes Chess GM-Swiss 2024"]
[Site "Fagernes"]
[Date "2024.03.29"]
[Round "7.47"]
[White "Lien, Sebastian"]
[Black "Evenshaug, Amadeus Hestvik"]
[Result "1-0"]
[WhiteElo "1885"]
[BlackElo "2035"]
[Annotator "NA RC"]
[PlyCount "181"]
[EventDate "2024.03.25"]
[EventType "swiss"]
[EventCountry "NOR"]
[SourceTitle "playchess.com"]
[Source "ChessBase"]
[SourceQuality "1"]

1. d4 Nf6 2. c4 e6 3. Nf3 d5 4. Nc3 Be7 5. Bg5 h6 6. Bh4 O-O 7. e3 Nbd7 8. cxd5 exd5 9. Bd3 c6 10. Qc2 Ne8 11. Bxe7 Qxe7 12. O-O Nd6 13. b4 Nb6 14. b5 Bd7 15. bxc6 Bxc6 16. Ne5 Rfc8 17. Qb3 Nbc4 18. Nxc6 bxc6 19. Qc2 Rab8 20. Na4 Rb4 21. a3 Rbb8 22. Rfb1 Qc7 23. Nc5 Rxb1+ 24. Qxb1 Rb8 25. Qc1 Qa5 26. a4 Rb4 27. Bxc4 Nxc4 28. h3 Qb6 29. Qd1 g6 30. Nd7 Qd8 31. Nc5 Rb2 32. Rb1 Qb6 33. Rxb2 Qxb2 34. Qg4 Qb1+ 35. Kh2 Qb8+ 36. Qg3 Qd8 37. Qg4 Nd2 38. Qe2 Qb8+ 39. g3 Nc4 40. Kg2 h5 41. e4 Qb2 42. Qd3 Qc1 43. Nd7 Kg7 44. Qf3 Qg5 45. e5 Nb6 46. Nc5 Qe7 47. Qc3 Nc4 48. a5 h4 49. a6 hxg3 50. Qxg3 Nb6 51. Qf4 Nc8 52. Qg4 Nb6 53. h4 Kh6 54. f4 Nc4 55. Kf2 f5 56. Qg5+ Qxg5 57. hxg5+ Kg7 58. Ne6+ Kg8 59. Nd8 Na3 60. Nxc6 Nb5 61. Ke3 Kf7 62. Kd3 Nc7 63. Nxa7 Nxa6 64. Nb5 Ke7 65. Nc3 Nb4+ 66. Kd2 Kd7 67. Ne2 Nc6 68. Kc3 Nd8 69. Kb4 Kc6 70. Ng1 Ne6 71. Ne2 Nd8 72. Kc3 Ne6 73. Kd3 Kb5 74. Nc3+ Kc6 75. Ke3 Nc7 76. Na4 Nb5 77. Nc5 Nc3 78. Ne6 Nd1+ 79. Kd2 Nf2 80. Nf8 Nh3 81. Nxg6 Kd7 82. Ke3 Ke6 83. Nh4 Kf7 84. Nxf5 Ke6 85. Ng3 Kf7 86. Ne2 Ke6 87. Kf3 Kf5 88. Kg3 Nxf4 89. Nxf4 Kxg5 90. Kf3 Kf5 91. Nxd5 1-0

[Event "Fagernes Chess GM-Swiss 2024"]
[Site "Fagernes"]
[Date "2024.03.29"]
[Round "7.48"]
[White "Rynning, Rune Kleiven"]
[Black "Lilliehook, Victor"]
[Result "1/2-1/2"]
[WhiteElo "1813"]
[BlackElo "2060"]
[Annotator "NA RC"]
[PlyCount "52"]
[EventDate "2024.03.25"]
[EventType "swiss"]
[EventCountry "NOR"]
[SourceTitle "playchess.com"]
[Source "ChessBase"]
[SourceQuality "1"]

1. c4 Nf6 2. g3 e6 3. Bg2 d5 4. Nf3 d4 5. d3 c5 6. O-O Bd6 7. Bg5 O-O 8. Bxf6 Qxf6 9. Nbd2 Qe7 10. Ne4 Bc7 11. b4 cxb4 12. Nxd4 Be5 13. e3 Rd8 14. Qb3 Bxd4 15. exd4 Rxd4 16. a3 bxa3 17. Rxa3 Nc6 18. c5 e5 19. Nd6 a6 20. Bd5 Nd8 21. Rb1 a5 22. Nxc8 Rxc8 23. Rxa5 Rxc5 24. Rxc5 Qxc5 25. Bxb7 g6 26. Ba6 Nc6 1/2-1/2

[Event "Fagernes Chess GM-Swiss 2024"]
[Site "Fagernes"]
[Date "2024.03.30"]
[Round "8.1"]
[White "Urkedal, Frode Olav Olsen"]
[Black "Jumabayev, Rinat"]
[Result "1/2-1/2"]
[WhiteElo "2536"]
[BlackElo "2598"]
[Annotator "TA"]
[PlyCount "71"]
[EventDate "2024.03.25"]
[EventType "swiss"]
[EventCountry "NOR"]
[SourceTitle "playchess.com"]
[Source "ChessBase"]
[SourceQuality "1"]

1. d4 Nf6 2. c4 e6 3. Nc3 Bb4 4. Qc2 O-O 5. Nf3 d5 6. a3 Bxc3+ 7. Qxc3 dxc4 8. Qxc4 b6 9. Bg5 Ba6 10. Qa4 Qd7 11. Qxd7 Nbxd7 12. Ne5 c5 13. Bxf6 Nxf6 14. dxc5 bxc5 15. e3 Bxf1 16. Rxf1 Rfd8 17. Rc1 Rd5 18. Nc4 Nd7 19. Ke2 Nb6 20. Nd2 Rb8 21. e4 Rh5 22. g4 Rg5 23. b3 h5 24. h3 hxg4 25. hxg4 Nd7 26. Rg1 Rg6 27. f4 Rh6 28. Rh1 Rxh1 29. Rxh1 g5 30. fxg5 Kg7 31. Rd1 Ne5 32. Rc1 Rc8 33. Nf3 Nxf3 34. Kxf3 Rb8 35. Rc3 e5 36. Rxc5 1/2-1/2

[Event "Fagernes Chess GM-Swiss 2024"]
[Site "Fagernes"]
[Date "2024.03.30"]
[Round "8.2"]
[White "Raja Rithvik R"]
[Black "Puranik, Abhimanyu"]
[Result "0-1"]
[WhiteElo "2532"]
[BlackElo "2618"]
[Annotator "TA"]
[PlyCount "96"]
[EventDate "2024.03.25"]
[EventType "swiss"]
[EventCountry "NOR"]
[SourceTitle "playchess.com"]
[Source "ChessBase"]
[SourceQuality "1"]

1. d4 Nf6 2. c4 g6 3. g3 c6 4. Bg2 d5 5. Nf3 Bg7 6. O-O O-O 7. cxd5 cxd5 8. Ne5 Nc6 9. Nc3 Ng4 10. Nxc6 bxc6 11. Na4 a5 12. h3 Nf6 13. Be3 Ne4 14. Rc1 Bd7 15. b3 Nd6 16. Bf4 Nf5 17. e3 h6 18. g4 Nh4 19. Bg3 Nxg2 20. Kxg2 f6 21. Nc5 Bc8 22. f4 e6 23. Rf2 Qe8 24. Qc2 Kh7 25. Na4 Ra6 26. Qd3 Rf7 27. Nc5 Raa7 28. Qc3 Bf8 29. h4 e5 30. h5 gxh5 31. dxe5 fxe5 32. Qxe5 Qxe5 33. fxe5 Rxf2+ 34. Bxf2 hxg4 35. e4 Re7 36. Bd4 h5 37. exd5 cxd5 38. Na4 Bf5 39. Kg3 Bh6 40. Rf1 Kg6 41. Nb6 Bg5 42. Nxd5 h4+ 43. Kh2 g3+ 44. Kg1 Rd7 45. Nf4+ Bxf4 46. Rxf4 h3 47. e6 h2+ 48. Kh1 Rh7 0-1

[Event "Fagernes Chess GM-Swiss 2024"]
[Site "Fagernes"]
[Date "2024.03.30"]
[Round "8.3"]
[White "Sasikiran, Krishnan"]
[Black "Pranav Anand"]
[Result "1-0"]
[WhiteElo "2578"]
[BlackElo "2519"]
[Annotator "TA"]
[PlyCount "79"]
[EventDate "2024.03.25"]
[EventType "swiss"]
[EventCountry "NOR"]
[SourceTitle "playchess.com"]
[Source "ChessBase"]
[SourceQuality "1"]

1. d4 Nf6 2. c4 e6 3. Nf3 d5 4. g3 Bb4+ 5. Bd2 Be7 6. Bg2 O-O 7. O-O Nbd7 8. Qc2 c6 9. b3 a5 10. Nc3 b6 11. e4 Ba6 12. e5 Ne8 13. Rfe1 Rc8 14. h4 h6 15. Ne2 Nc7 16. Nf4 Bb7 17. Nh2 c5 18. dxc5 Nxc5 19. Rad1 dxc4 20. Bxb7 cxb3 21. Qc4 Nxb7 22. Nh5 Nd5 23. Qg4 g6 24. Bxh6 Re8 25. Nf4 Rc4 26. axb3 Rb4 27. h5 g5 28. Nf3 Kh7 29. Rxd5 exd5 30. Bxg5 Qc8 31. Qxc8 Rxc8 32. Bxe7 Rxb3 33. Ng5+ Kh6 34. Nxf7+ Kg7 35. Nd6 Rb8 36. Nf5+ Kh7 37. Nxd5 a4 38. Re4 a3 39. Ra4 Nc5 40. Ra7 1-0

[Event "Fagernes Chess GM-Swiss 2024"]
[Site "Fagernes"]
[Date "2024.03.30"]
[Round "8.4"]
[White "Can, Isik"]
[Black "Ganguly, Surya Shekhar"]
[Result "1-0"]
[WhiteElo "2493"]
[BlackElo "2574"]
[Annotator "TA"]
[PlyCount "95"]
[EventDate "2024.03.25"]
[EventType "swiss"]
[EventCountry "NOR"]
[SourceTitle "playchess.com"]
[Source "ChessBase"]
[SourceQuality "1"]

1. e4 e5 2. Nf3 Nc6 3. d4 exd4 4. Nxd4 Nf6 5. Nxc6 bxc6 6. e5 Qe7 7. Qe2 Nd5 8. c4 Ba6 9. Nd2 g6 10. Nf3 Bg7 11. Qc2 Nb6 12. c5 Bxf1 13. Kxf1 Nd5 14. Bg5 Qe6 15. Re1 O-O 16. h4 Rfb8 17. a3 d6 18. Nd4 Qd7 19. cxd6 cxd6 20. Qxc6 Qxc6 21. Nxc6 Rb6 22. exd6 Rxc6 23. d7 Nf6 24. Bxf6 Bxf6 25. Re8+ Kg7 26. Rxa8 Rc1+ 27. Ke2 Rxh1 28. d8=Q Bxd8 29. Rxd8 Rxh4 30. b4 Re4+ 31. Kd3 Rg4 32. g3 h5 33. Ra8 g5 34. Rxa7 h4 35. gxh4 gxh4 36. Re7 Rg1 37. Re3 Kf6 38. b5 Rh1 39. Kc2 Rf1 40. b6 Rxf2+ 41. Kc3 Rf1 42. a4 Ra1 43. Kb4 Rb1+ 44. Kc5 Rc1+ 45. Kb5 Rb1+ 46. Ka6 Kg5 47. b7 Kf4 48. Ra3 1-0

[Event "Fagernes Chess GM-Swiss 2024"]
[Site "Fagernes"]
[Date "2024.03.30"]
[Round "8.5"]
[White "Amar, Elham"]
[Black "Ghasi, Ameet K"]
[Result "1/2-1/2"]
[WhiteElo "2567"]
[BlackElo "2485"]
[Annotator "TA"]
[PlyCount "99"]
[EventDate "2024.03.25"]
[EventType "swiss"]
[EventCountry "NOR"]
[SourceTitle "playchess.com"]
[Source "ChessBase"]
[SourceQuality "1"]

1. e4 c5 2. Nf3 e6 3. d4 cxd4 4. Nxd4 Nf6 5. Nc3 Nc6 6. Ndb5 Bc5 7. Bf4 O-O 8. Bc7 Qe7 9. Bd6 Bxd6 10. Qxd6 Qd8 11. O-O-O a6 12. Nd4 Ne7 13. h4 b5 14. Nb3 Ne8 15. Qd2 Qc7 16. a3 Rb8 17. h5 d6 18. h6 g6 19. Kb1 Nc6 20. Nd4 Bd7 21. Na2 Qb6 22. f3 Ne5 23. Nb3 f5 24. exf5 Rxf5 25. Qd4 Nc6 26. Qxb6 Rxb6 27. Nb4 Ne5 28. Rd4 g5 29. Be2 d5 30. g3 Nc7 31. f4 gxf4 32. gxf4 Nf7 33. Rg1+ Kf8 34. Nc5 Be8 35. Bd3 Rf6 36. Bxh7 Rxh6 37. Bg6 e5 38. Bxf7 exd4 39. Bxe8 Kxe8 40. Rg8+ Ke7 41. Rg7+ Kd8 42. f5 Rhd6 43. Nbd3 Rf6 44. Rg8+ Ke7 45. Rc8 Rbc6 46. Ne6 Kd7 47. Rd8+ Ke7 48. Rc8 Kd7 49. Rd8+ Ke7 50. Rc8 1/2-1/2

[Event "Fagernes Chess GM-Swiss 2024"]
[Site "Fagernes"]
[Date "2024.03.30"]
[Round "8.6"]
[White "Sokolovsky, Yahli"]
[Black "Gorshtein, Ido"]
[Result "0-1"]
[WhiteElo "2475"]
[BlackElo "2539"]
[Annotator "TA"]
[PlyCount "64"]
[EventDate "2024.03.25"]
[EventType "swiss"]
[EventCountry "NOR"]
[SourceTitle "playchess.com"]
[Source "ChessBase"]
[SourceQuality "1"]

1. e4 c5 2. Nf3 d6 3. d4 cxd4 4. Nxd4 Nf6 5. Nc3 a6 6. Bd3 e5 7. Nde2 Be7 8. O-O O-O 9. Ng3 Re8 10. Be3 Be6 11. Nd5 Bxd5 12. exd5 Nbd7 13. c4 Bf8 14. b4 g6 15. f3 b6 16. a3 a5 17. Qd2 Qc7 18. Rfb1 e4 19. fxe4 Ng4 20. Bd4 Nge5 21. Rc1 Bg7 22. Bf1 Rec8 23. Rab1 axb4 24. axb4 Qd8 25. Be3 Ng4 26. Bf4 Qh4 27. Ne2 Qf2+ 28. Kh1 Ndf6 29. Nc3 Nh5 30. Bg5 Bd4 31. Ne2 Be5 32. Nc3 Ng3+ 0-1

[Event "Fagernes Chess GM-Swiss 2024"]
[Site "Fagernes"]
[Date "2024.03.30"]
[Round "8.7"]
[White "Narva, Mai"]
[Black "Kulaots, Kaido"]
[Result "1/2-1/2"]
[WhiteElo "2399"]
[BlackElo "2534"]
[Annotator "TA"]
[PlyCount "60"]
[EventDate "2024.03.25"]
[EventType "swiss"]
[EventCountry "NOR"]
[SourceTitle "playchess.com"]
[Source "ChessBase"]
[SourceQuality "1"]

1. e4 c5 2. Nf3 d6 3. d4 cxd4 4. Nxd4 Nf6 5. Nc3 a6 6. Be2 e5 7. Nb3 Be7 8. Be3 Be6 9. Nd5 Nbd7 10. Qd3 O-O 11. O-O-O Bxd5 12. exd5 Nb6 13. Bf3 Nfd7 14. h4 f5 15. Be2 Na4 16. g4 f4 17. Bd2 Qb6 18. Qc4 Ndc5 19. g5 Qa7 20. Bg4 b5 21. Qe2 Bd8 22. Kb1 Rb8 23. Qe1 a5 24. Rh3 b4 25. Qe2 Bb6 26. Qc4 Rb7 27. Re1 Rc7 28. Qb5 Rb7 29. Qc4 Rc7 30. Qb5 Rb7 1/2-1/2

[Event "Fagernes Chess GM-Swiss 2024"]
[Site "Fagernes"]
[Date "2024.03.30"]
[Round "8.8"]
[White "Blomqvist, Erik"]
[Black "Sidhant, Mohapatra"]
[Result "1-0"]
[WhiteElo "2511"]
[BlackElo "2379"]
[Annotator "TA"]
[PlyCount "127"]
[EventDate "2024.03.25"]
[EventType "swiss"]
[EventCountry "NOR"]
[SourceTitle "playchess.com"]
[Source "ChessBase"]
[SourceQuality "1"]

1. e4 c5 2. Nc3 d6 3. Nf3 a6 4. d4 cxd4 5. Qxd4 Nc6 6. Qd3 g6 7. Be3 Qa5 8. O-O-O Nf6 9. Nd5 Nb4 10. Nxf6+ exf6 11. Qb3 Nc6 12. Bc4 Qc7 13. Bd5 Bg7 14. Bf4 Ne5 15. Nd2 O-O 16. Nc4 Rd8 17. Nb6 Rb8 18. Rhe1 Qe7 19. Kb1 Be6 20. Bg3 Bf8 21. f4 Nd7 22. Nc4 Nc5 23. Qf3 Bxd5 24. Rxd5 b5 25. Nxd6 Rxd6 26. Rxc5 Re8 27. e5 Re6 28. Rd5 Bg7 29. a3 fxe5 30. fxe5 f6 31. Red1 fxe5 32. Qe4 Qb7 33. Re1 h6 34. Re2 Kh7 35. Be1 Rc8 36. Rxe5 Qxe4 37. R5xe4 Rxe4 38. Rxe4 Rc6 39. Re7 Kg8 40. Bb4 Bf6 41. Rd7 Be5 42. h3 Rf6 43. Bc5 h5 44. Ka2 Bg3 45. Bd4 Re6 46. Kb3 Kf8 47. Ra7 h4 48. c3 g5 49. c4 bxc4+ 50. Kxc4 Re2 51. Rxa6 Rxg2 52. Rg6 Bf4 53. a4 Kf7 54. Rh6 Bc1 55. b4 Rc2+ 56. Kb5 Rd2 57. Bc5 Kg7 58. Rd6 g4 59. hxg4 h3 60. Rxd2 Bxd2 61. Bd6 Kf6 62. a5 Ke6 63. a6 Bxb4 64. a7 1-0

[Event "Fagernes Chess GM-Swiss 2024"]
[Site "Fagernes"]
[Date "2024.03.30"]
[Round "8.9"]
[White "Petkov, Momchil"]
[Black "Moksh Amit Doshi"]
[Result "1/2-1/2"]
[WhiteElo "2500"]
[BlackElo "2353"]
[Annotator "RC"]
[PlyCount "95"]
[EventDate "2024.03.25"]
[EventType "swiss"]
[EventCountry "NOR"]
[SourceTitle "playchess.com"]
[Source "ChessBase"]
[SourceQuality "1"]

1. d4 Nf6 2. Nf3 d5 3. c4 e6 4. Nc3 Bb4 5. cxd5 exd5 6. Bf4 Ne4 7. Rc1 Nd7 8. e3 g5 9. Be5 f6 10. Bg3 h5 11. h4 g4 12. Ng1 Nxg3 13. fxg3 Qe7 14. Kf2 c6 15. Bd3 Nf8 16. Nge2 Be6 17. Nf4 O-O-O 18. Na4 Kb8 19. Nc5 Bc8 20. a3 Bxc5 21. Rxc5 Ne6 22. Nxe6 Qxe6 23. b4 Rhe8 24. Qd2 Bd7 25. Re1 f5 26. Kf1 Qd6 27. Qf2 Re7 28. Rc3 Rde8 29. Bc2 Bc8 30. Ke2 Qh6 31. Kd2 Qd6 32. Rf1 Bd7 33. Qf4 Qxf4 34. Rxf4 Rf8 35. b5 cxb5 36. Rc5 Be6 37. Rxb5 Rc7 38. Bd3 Rff7 39. Rf1 Rc8 40. Rfb1 Rcc7 41. a4 Rc8 42. a5 Re7 43. R5b3 Rcc7 44. Rf1 Rf7 45. Rbb1 Rc8 46. Rf4 Kc7 47. Rbf1 Rcf8 48. Rb1 1/2-1/2

[Event "Fagernes Chess GM-Swiss 2024"]
[Site "Fagernes"]
[Date "2024.03.30"]
[Round "8.10"]
[White "Mitusov, Semen"]
[Black "Johansson, Linus"]
[Result "0-1"]
[WhiteElo "2487"]
[BlackElo "2427"]
[Annotator "TA"]
[PlyCount "86"]
[EventDate "2024.03.25"]
[EventType "swiss"]
[EventCountry "NOR"]
[SourceTitle "playchess.com"]
[Source "ChessBase"]
[SourceQuality "1"]

1. e4 e6 2. d4 d5 3. Nc3 Nf6 4. e5 Nfd7 5. f4 c5 6. Nf3 Nc6 7. Be3 cxd4 8. Nxd4 Bc5 9. Qd2 O-O 10. h4 Rb8 11. O-O-O Bxd4 12. Bxd4 Qa5 13. Kb1 b5 14. h5 Nxd4 15. Qxd4 b4 16. Ne2 Ba6 17. h6 g6 18. f5 Bxe2 19. Bxe2 Nc5 20. fxg6 fxg6 21. Rhf1 Rxf1 22. Bxf1 Ne4 23. Bc4 Qc5 24. Bb3 Qxd4 25. Rxd4 a5 26. Ba4 Kf7 27. Rd3 Ke7 28. Rd1 g5 29. Kc1 Nc5 30. b3 Ne4 31. Rf1 Nc3 32. Kb2 Rf8 33. Ra1 Rf5 34. a3 Rxe5 35. axb4 axb4 36. Bc6 Re2 37. g4 Rh2 38. Ra7+ Kd6 39. Ra6 Kc5 40. Be8 Rh1 41. Ra1 Rxa1 42. Kxa1 Ne4 43. Bg6 Nf6 0-1

[Event "Fagernes Chess GM-Swiss 2024"]
[Site "Fagernes"]
[Date "2024.03.30"]
[Round "8.11"]
[White "Audi Ameya"]
[Black "Trost, Edvin"]
[Result "0-1"]
[WhiteElo "2378"]
[BlackElo "2432"]
[Annotator "TA"]
[PlyCount "120"]
[EventDate "2024.03.25"]
[EventType "swiss"]
[EventCountry "NOR"]
[SourceTitle "playchess.com"]
[Source "ChessBase"]
[SourceQuality "1"]

1. e4 c6 2. Nf3 d5 3. Nc3 dxe4 4. Nxe4 Nf6 5. Qe2 Nxe4 6. Qxe4 Nd7 7. Bc4 Nf6 8. Ne5 e6 9. Qe2 b5 10. Bd3 Qc7 11. a4 Bd6 12. Nxc6 b4 13. Nd4 a6 14. Nf5 Be5 15. Ne3 Bb7 16. h3 h5 17. c3 bxc3 18. bxc3 O-O 19. O-O Rfd8 20. Bc4 Ne4 21. Bd3 Ng5 22. f3 Bg3 23. Rb1 a5 24. Bc4 Rac8 25. Rxb7 Qxb7 26. Ba6 Qc7 27. Bxc8 Rxc8 28. Qb5 Qf4 29. d4 Rxc3 30. Nc2 Qc7 31. Bxg5 Rxc2 32. Rd1 h4 33. Qd3 Qc6 34. Bd2 Qxa4 35. Bxa5 Bf4 36. Bd2 Bxd2 37. Rxd2 Rc1+ 38. Kf2 Qa1 39. Rc2 Rxc2+ 40. Qxc2 Qxd4+ 41. Kf1 g6 42. Qc7 Qd1+ 43. Kf2 Qd4+ 44. Kf1 e5 45. Qb7 Qd1+ 46. Kf2 Qd4+ 47. Kf1 Kg7 48. Qe7 e4 49. Qxe4 Qxe4 50. fxe4 Kf6 51. Ke2 Ke5 52. Ke3 f6 53. Kf3 Kd4 54. Kf4 Kd3 55. Kf3 g5 56. Kf2 Kxe4 57. Ke2 Kf4 58. Kf2 f5 59. Kg1 Kg3 60. Kh1 f4 0-1

[Event "Fagernes Chess GM-Swiss 2024"]
[Site "Fagernes"]
[Date "2024.03.30"]
[Round "8.12"]
[White "Sorensen, Hampus"]
[Black "Nielsen, Viktor Haarmark"]
[Result "1/2-1/2"]
[WhiteElo "2428"]
[BlackElo "2351"]
[Annotator "TA"]
[PlyCount "93"]
[EventDate "2024.03.25"]
[EventType "swiss"]
[EventCountry "NOR"]
[SourceTitle "playchess.com"]
[Source "ChessBase"]
[SourceQuality "1"]

1. d4 Nf6 2. c4 e6 3. Nc3 d5 4. cxd5 Nxd5 5. e4 Nxc3 6. bxc3 c5 7. Nf3 cxd4 8. cxd4 Bb4+ 9. Bd2 Bxd2+ 10. Qxd2 O-O 11. Bc4 Nd7 12. O-O b6 13. Rfe1 Bb7 14. Bd3 h6 15. a4 Nf6 16. h3 Qc7 17. a5 bxa5 18. Rac1 Qd7 19. Qxa5 Rfc8 20. Rxc8+ Qxc8 21. Ne5 Qd8 22. Qb4 Qc7 23. Nc4 Rd8 24. e5 Nd5 25. Qd2 Ba6 26. Rc1 Bxc4 27. Rxc4 Qb6 28. h4 a5 29. Bc2 Nb4 30. Be4 Nd5 31. g3 Qb5 32. Rc1 Qb4 33. Qd3 a4 34. Bxd5 exd5 35. Rb1 Qc4 36. Qe3 Qa6 37. Qa3 Rc8 38. h5 Qc4 39. Qe3 Qc2 40. Ra1 Rc3 41. Qe1 a3 42. e6 fxe6 43. Qxe6+ Kh7 44. Qxd5 Rb3 45. Kg2 a2 46. Rxa2 Qxa2 47. Qe4+ 1/2-1/2

[Event "Fagernes Chess GM-Swiss 2024"]
[Site "Fagernes"]
[Date "2024.03.30"]
[Round "8.13"]
[White "Dushyant Sharma"]
[Black "Hillarp Persson, Tiger"]
[Result "1-0"]
[WhiteElo "2331"]
[BlackElo "2473"]
[Annotator "RC"]
[PlyCount "75"]
[EventDate "2024.03.25"]
[EventType "swiss"]
[EventCountry "NOR"]
[SourceTitle "playchess.com"]
[Source "ChessBase"]
[SourceQuality "1"]

1. e4 c5 2. Nf3 d6 3. d4 cxd4 4. Nxd4 Nf6 5. Nc3 g6 6. f4 Nc6 7. Be2 Bd7 8. Be3 Bg7 9. O-O O-O 10. Nb3 Rc8 11. Kh1 a5 12. Bf3 Be6 13. Qd2 b5 14. Nd4 Nxd4 15. Bxd4 Rc4 16. Nxb5 Bd7 17. a4 Bxb5 18. axb5 Nxe4 19. Bxe4 Rxd4 20. Qe2 f5 21. Bf3 e5 22. c3 Rxf4 23. g3 Rxf3 24. Qxf3 e4 25. Qe3 d5 26. Qc5 d4 27. cxd4 Rf7 28. Rac1 Bf8 29. Qc4 Kg7 30. Qc8 Qxd4 31. Qc3 Qxc3 32. bxc3 a4 33. c4 Bc5 34. Rfd1 a3 35. Kg2 h5 36. Rd5 Be3 37. Ra1 Rc7 38. Rxa3 1-0

[Event "Fagernes Chess GM-Swiss 2024"]
[Site "Fagernes"]
[Date "2024.03.30"]
[Round "8.14"]
[White "Elmi, Saad Abobaker"]
[Black "Kvaloy, Aksel Bu"]
[Result "1/2-1/2"]
[WhiteElo "2344"]
[BlackElo "2454"]
[Annotator "TA"]
[PlyCount "93"]
[EventDate "2024.03.25"]
[EventType "swiss"]
[EventCountry "NOR"]
[SourceTitle "playchess.com"]
[Source "ChessBase"]
[SourceQuality "1"]

1. e4 c5 2. Nf3 d6 3. d4 cxd4 4. Nxd4 Nf6 5. Nc3 a6 6. Bc4 e6 7. Be3 Be7 8. Bb3 b5 9. a3 O-O 10. Qe2 Bb7 11. f3 Nbd7 12. O-O-O Rc8 13. Qe1 Ne5 14. g4 Nc4 15. h4 Qc7 16. Bxc4 Qxc4 17. h5 d5 18. g5 Nd7 19. exd5 b4 20. axb4 Bxb4 21. Nde2 Bxd5 22. Rh4 Bxc3 23. Nxc3 Qc6 24. h6 g6 25. Qg3 Rfd8 26. Rhd4 f6 27. gxf6 Kf7 28. Qf2 Ne5 29. Ne4 Nxf3 30. R1d2 Bxe4 31. Rxd8 Nxd2 32. Rxd2 Bf5 33. Bg5 Rc7 34. Bf4 Qa4 35. Kb1 Bxc2+ 36. Rxc2 Rxc2 37. Qa7+ Kxf6 38. Qg7+ Kf5 39. Qe5+ Kg4 40. Qg5+ Kf3 41. Qg3+ Ke4 42. Qe3+ Kf5 43. Qe5+ Kg4 44. Qg5+ Kf3 45. Qg3+ Ke4 46. Qe3+ Kf5 47. Qe5+ 1/2-1/2

[Event "Fagernes Chess GM-Swiss 2024"]
[Site "Fagernes"]
[Date "2024.03.30"]
[Round "8.15"]
[White "Vestby-Ellingsen, Mads"]
[Black "Willow, Jonah B"]
[Result "1/2-1/2"]
[WhiteElo "2336"]
[BlackElo "2446"]
[Annotator "TA"]
[PlyCount "126"]
[EventDate "2024.03.25"]
[EventType "swiss"]
[EventCountry "NOR"]
[SourceTitle "playchess.com"]
[Source "ChessBase"]
[SourceQuality "1"]

1. e4 c5 2. Nf3 e6 3. d4 cxd4 4. Nxd4 Nc6 5. Nc3 a6 6. Nxc6 bxc6 7. Bd3 d5 8. O-O Nf6 9. Qe2 Be7 10. f4 O-O 11. Kh1 Re8 12. e5 Nd7 13. Na4 f5 14. c4 d4 15. b3 c5 16. Bd2 Bb7 17. h3 Kh8 18. Kh2 g5 19. g3 Rg8 20. Rg1 g4 21. Qf2 Qe8 22. Bf1 Qh5 23. Bg2 Rg6 24. Rh1 Be4 25. h4 Rh6 26. Kg1 Rg8 27. Re1 Bf3 28. Bc1 Qe8 29. Rf1 Nb8 30. Ba3 Qc8 31. h5 Be4 32. Qe2 Qc6 33. Bc1 d3 34. Qf2 Rd8 35. Bd2 Bxg2 36. Qxg2 Qe8 37. Rd1 Rxh5 38. Rxh5 Qxh5 39. Ba5 Rd4 40. Bc3 Rd7 41. Nb2 Qe8 42. Rxd3 Rxd3 43. Nxd3 Qd7 44. Nb2 Kg7 45. Qd2 Qc8 46. Na4 Nd7 47. Bb2 h5 48. Ba3 Kf7 49. Qh2 Qh8 50. Qd2 Qc8 51. Qh2 Kg6 52. Qd2 Qc7 53. Qf2 Qa5 54. Bc1 Qd8 55. Be3 Qc7 56. Qd2 Qc8 57. Qf2 Kf7 58. Qd2 Qc7 59. Qh2 Kg6 60. Qd2 Qc6 61. Qg2 Qc8 62. Qd2 Qc6 63. Qg2 Qc8 1/2-1/2

[Event "Fagernes Chess GM-Swiss 2024"]
[Site "Fagernes"]
[Date "2024.03.30"]
[Round "8.16"]
[White "Elsness, Frode"]
[Black "Haug, Havard"]
[Result "1-0"]
[WhiteElo "2437"]
[BlackElo "2341"]
[Annotator "TA"]
[PlyCount "73"]
[EventDate "2024.03.25"]
[EventType "swiss"]
[EventCountry "NOR"]
[SourceTitle "playchess.com"]
[Source "ChessBase"]
[SourceQuality "1"]

1. d4 d5 2. c4 e6 3. Nf3 Nf6 4. g3 Bb4+ 5. Bd2 a5 6. Bg2 dxc4 7. Qc2 Bxd2+ 8. Qxd2 b5 9. Qg5 Nd5 10. Qxg7 Qf6 11. Qxf6 Nxf6 12. a4 c6 13. Ne5 Ra6 14. Nc3 b4 15. Ne4 Nxe4 16. Bxe4 Ke7 17. Nxc4 Nd7 18. O-O-O Nb6 19. Nxb6 Rxb6 20. b3 e5 21. dxe5 Be6 22. Kb2 c5 23. Bd5 Rc8 24. e4 Bxd5 25. exd5 c4 26. bxc4 Rxc4 27. Rc1 Rd4 28. Rhd1 Re4 29. Re1 Rd4 30. Rcd1 Rc4 31. Rd3 Rb8 32. Rc1 Rbc8 33. Rxc4 Rxc4 34. d6+ Kd7 35. Rd5 Re4 36. Rxa5 Re2+ 37. Kb3 1-0

[Event "Fagernes Chess GM-Swiss 2024"]
[Site "Fagernes"]
[Date "2024.03.30"]
[Round "8.17"]
[White "Tsolakidou, Stavroula"]
[Black "Melaa, Sondre"]
[Result "1/2-1/2"]
[WhiteElo "2424"]
[BlackElo "2285"]
[Annotator "TA"]
[PlyCount "51"]
[EventDate "2024.03.25"]
[EventType "swiss"]
[EventCountry "NOR"]
[SourceTitle "playchess.com"]
[Source "ChessBase"]
[SourceQuality "1"]

1. d4 d5 2. c4 c6 3. cxd5 cxd5 4. Bf4 Nc6 5. e3 Nf6 6. Nc3 a6 7. Be2 Bf5 8. Nf3 Nh5 9. Be5 e6 10. Qb3 Ra7 11. O-O Nf6 12. Rac1 Bg4 13. Rfd1 Be7 14. h3 Bxf3 15. Bxf3 O-O 16. e4 dxe4 17. Nxe4 Nxe4 18. Bxe4 Nxe5 19. dxe5 Qb8 20. Qb6 Bd8 21. Qd6 Bg5 22. Qxb8 Rxb8 23. Rc7 Bf4 24. Rxb7 Raxb7 25. Bxb7 a5 26. b3 1/2-1/2

[Event "Fagernes Chess GM-Swiss 2024"]
[Site "Fagernes"]
[Date "2024.03.30"]
[Round "8.18"]
[White "Nandhidhaa, P V"]
[Black "Celik, Hasan Huseyin"]
[Result "0-1"]
[WhiteElo "2305"]
[BlackElo "2417"]
[Annotator "TA"]
[PlyCount "72"]
[EventDate "2024.03.25"]
[EventType "swiss"]
[EventCountry "NOR"]
[SourceTitle "playchess.com"]
[Source "ChessBase"]
[SourceQuality "1"]

1. e4 c5 2. Nf3 e6 3. d4 cxd4 4. Nxd4 Nc6 5. Nc3 Qc7 6. Be3 a6 7. a3 b5 8. Nxc6 Qxc6 9. h4 Bb7 10. h5 h6 11. Be2 Rc8 12. Bf3 e5 13. Rh3 Nf6 14. Rg3 Rg8 15. Qe2 Qc4 16. Bd2 Qxe2+ 17. Kxe2 Bc5 18. Nd5 Bxd5 19. exd5 e4 20. Bg4 Bd6 21. Re3 Rxc2 22. Kd1 Rxd2+ 23. Kxd2 Bf4 24. Be2 Ke7 25. a4 Nxd5 26. axb5 axb5 27. Ra5 Bxe3+ 28. fxe3 Nc7 29. Kc3 Rc8 30. Kd4 Ne6+ 31. Kxe4 Rc2 32. Bxb5 Rxb2 33. Bf1 Rf2 34. Ra1 Nc5+ 35. Kd5 Nb3 36. Rd1 Rf5+ 0-1